000 01014nji a22002657a 4500
005 20100909120757.0
006 a|||||r|||||00| 0
007 sd ammalaaahaa
008 100830t xxu||||| |||| 00| 0 eng d
028 _aN.55298
_bHis Master's Voice
035 _aGR-01605
040 _aSED
_cSED
100 _917455
_aDey, Manna
245 _aBadal /
_csung by Manna Dey; music dtn by Usha Khanna; lyric by Javed
_h[sound recording] :
246 _aबादल /
260 _aDum Dum, India
_bHis Master's Voice
_c1966
300 _a1 sound disc [Gramophone Recording]:
_banalog, 33 1/3 rpm
_c9.5 in. (MP)
_fGramophone Record
500 _aBrief Record
505 _aअपने लिए जिए तो क्या जिए (Apne liye jiye to kya jiye) (Manna Dey)
650 _aMotion Picture Music
_zIndia
_91186
_xExcerpts
700 _aKhanna, Usha
_919062
700 _aJaved
_919079
942 _2ddc
_cGR
999 _c44719
_d44719